| 000 | 01518cam a2200361 i 4500 | ||
|---|---|---|---|
| 001 | 18426518 | ||
| 003 | OSt | ||
| 005 | 20170105101208.0 | ||
| 008 | 150106s2015 pk b 001 0 urd | ||
| 010 | _a 2014324214 | ||
| 020 | _a9789695623497 | ||
| 025 | _aP-U-2014324214; 15 | ||
| 037 |
_bLibrary of Congress -- Islamabad Overseas Office _cRs 900.00 |
||
| 040 |
_aDLC _beng _erda _cDLC _dDLC |
||
| 042 |
_alcode _apcc |
||
| 050 | 0 | 0 |
_aPK2199.I65 _bZ79475 2015 |
| 066 |
_c(3 _c(4 |
||
| 245 | 0 | 0 |
_6880-01 _aNavādirāt-i ʻAllāmah Iqbāl / _cmurattib, Ḍākṭar Nadīm Shafīq Malik. |
| 260 |
_aLahore _bFiction House _c2015 |
||
| 300 |
_a336 pages ; _c23 cm |
||
| 504 | _aIncludes bibliographical references and index. | ||
| 520 | _aArticles on the works of Sir Muhammad Iqbal, 1877-1938, Urdu and Persian poet. | ||
| 546 | _aIn Urdu. | ||
| 600 | 1 | 0 |
_aIqbal, Muhammad, _cSir, _d1877-1938. _tCriticism and interpretation. |
| 700 | 1 |
_6880-03 _aMalik, Nadeem Shafiq, _eauthor. |
|
| 856 | 4 | 1 |
_3Table of contents only _uhttp://www.loc.gov/catdir/toc/fy16pdf01/2014324214.html |
| 880 | 0 | 0 |
_6245-01/(3/r _aنوادرات علّامه اقبال / _cمرتّب، ڈاکٹر نديم شفيق ملک. |
| 880 | 1 |
_6264-02/(3/r _aلاهور : _bفکشن هاؤس، _c2015. |
|
| 880 | 1 |
_6700-03/(3/r _aملک، ندييم شفق، _eauthor. |
|
| 906 |
_a7 _bcbc _corigode _d3 _encip _f20 _gy-nonroman |
||
| 942 |
_2ddc _cBK |
||
| 999 |
_c3069 _d3069 |
||